[Event "Tournoi francophone 003 Groupe B"]
[Site "Skype"]
[Date "????.??.??"]
[Round "1.1"]
[White "Briere, Jean"]
[Black "Le Brun, Yves"]
[Result "1-0"]
[WhiteElo "1556"]
[BlackElo "1623"]
[PlyCount "25"]

1. e4 e5 2. Nf3 Nc6 3. Bc4 h6 4. Nc3 Nf6 5. d3 a6 6. a3 Bc5 7. O-O O-O 8. Be3
Bxe3 9. fxe3 d6 10. h3 Re8 11. Qe1 Be6 12. Nd5 Na5 13. Qxa5 1-0

[Event "Tournoi francophone 003 Groupe B"]
[Site "Skype"]
[Date "????.??.??"]
[Round "1.2"]
[White "Rochette, Mathieu"]
[Black "Megelas, Florent"]
[Result "1-0"]
[WhiteElo "1589"]
[BlackElo "1688"]
[PlyCount "65"]

1. d4 d5 2. c4 e6 3. Nf3 c5 4. e3 Nf6 5. Be2 Be7 6. Nc3 Nc6 7. cxd5 Nxd5 8. O-O
O-O 9. Re1 cxd4 10. Nxd4 Nxd4 11. exd4 Bd6 12. Bf3 Nxc3 13. bxc3 Qc7 14. Bb2
Bd7 15. h3 Bc6 16. Be4 Bxe4 17. Rxe4 Rae8 18. Qe2 Qd7 19. c4 b6 20. Re1 Bb4 21.
Rd1 f5 22. Re3 Rf6 23. d5 Rg6 24. dxe6 Qc6 25. Rg3 Rxg3 26. fxg3 Bc5+ 27. Kh2
Rxe6 28. Rd8+ Kf7 29. Qh5+ Rg6 30. Qxf5+ Ke7 31. Qf8+ Ke6 32. Re8+ Kd7 33. Qf7+
1-0

[Event "Tournoi francophone 003 Groupe B"]
[Site "Skype"]
[Date "????.??.??"]
[Round "1.3"]
[White "Malbec, Robert"]
[Black "De Coninck, Philippe"]
[Result "1-0"]
[WhiteElo "1441"]
[BlackElo "1461"]
[PlyCount "174"]

1. e4 e5 2. Nf3 Nf6 3. Nxe5 d6 4. Nf3 Nxe4 5. Bc4 Be7 6. O-O O-O 7. Re1 d5 8.
Bb3 Nc6 9. d3 Nf6 10. h3 Bf5 11. Nc3 Bb4 12. Bd2 Bxc3 13. Bxc3 Bg6 14. a3 a5
15. Bd2 Bh5 16. c3 Re8 17. d4 Ne4 18. Be3 Ne7 19. Bf4 Ng6 20. Bh2 c6 21. g4
Bxg4 22. hxg4 Qd7 23. Nd2 Nxd2 24. Qxd2 Qxg4+ 25. Bg3 Nh4 26. Qf4 Nf3+ 27. Kg2
Nxe1+ 28. Rxe1 Qxf4 29. Bxf4 Rxe1 30. Kf3 Rae8 31. Be3 Re6 32. c4 Rf6+ 33. Kg2
dxc4 34. Bxc4 h5 35. b3 Rg6+ 36. Kf3 h4 37. Bd3 Re6 38. Kg4 Rh1 39. Bf5 Rg1+
40. Kxh4 Rf6 41. Bg4 Rg6 42. f3 Rh1+ 43. Kg3 f5 44. Kg2 Rh4 45. Kg3 Rh3+ 46.
Kxh3 fxg4+ 47. fxg4 Kf7 48. Bf4 Ke6 49. Bc7 Kd5 50. Bxa5 Kxd4 51. Kg3 Ke3 52.
Bb6+ Ke4 53. Kh4 Rf6 54. Kg5 Kf3 55. Bd4 Rf4 56. Bxg7 Rxg4+ 57. Kf6 Kf4 58. Kf7
Ke4 59. Bb2 Kd5 60. Ke7 Rg2 61. Bf6 Rg3 62. Kd7 Rxb3 63. Be7 Rd3 64. Kc7 b5 65.
Kb6 Rb3 66. Bf8 Rf3 67. Be7 Rf7 68. Bb4 Rf6 69. Be7 Re6 70. Bc5 Re8 71. Bb4 Re6
72. Bf8 c5+ 73. Kxb5 c4 74. Kb4 Kd4 75. Bg7+ Kd3 76. a4 Re4 77. Bh6 c3+ 78. Kb3
Re1 79. Ka3 c2 80. Kb2 Rb1+ 81. Ka3 c1=Q+ 82. Bxc1 Rxc1 83. Kb4 Rc4+ 84. Kb5
Kd4 85. a5 Rc8 86. Kb6 Kd5 87. Kb7 Kd6 1-0

[Event "Tournoi francophone 003 Groupe B"]
[Site "Skype"]
[Date "????.??.??"]
[Round "1.4"]
[White "Fouquereau, Andre"]
[Black "Gharbi, Said"]
[Result "0-1"]
[WhiteElo "1438"]
[BlackElo "1567"]
[PlyCount "120"]

1. e4 e5 2. Nf3 Nf6 3. Nc3 Bb4 4. Nd5 Nxd5 5. exd5 e4 6. Nd4 c5 7. Nf5 O-O 8.
c3 Ba5 9. d6 Nc6 10. Qa4 Qf6 11. Ne7+ Nxe7 12. Qxa5 Qxd6 13. Qa4 a6 14. Qxe4
Ng6 15. Bd3 Qe5 16. O-O d5 17. Qf3 Nf4 18. Bc2 Re8 19. d4 Ne2+ 20. Kh1 cxd4 21.
Bd2 Qd6 22. Rae1 Bd7 23. Rxe2 dxc3 24. Bxc3 Rxe2 25. Qxe2 Bb5 26. Qh5 h6 27.
Re1 d4 28. Bd2 d3 29. Bb3 Qf6 30. Be3 Re8 31. Qd5 Bc6 32. Qxd3 Qxb2 33. Kg1 Qf6
34. Qd2 Qg6 35. f3 Bxf3 36. Bc2 Qg4 37. Qf2 Bd5 38. Bf5 Qa4 39. Ra1 Bxa2 40.
Bc2 Qc4 41. Qf5 Rxe3 42. Qh7+ Kf8 43. Qh8+ Ke7 44. Qxg7 Qe2 45. Rf1 Qxc2 46.
Qxh6 Qc3 47. Qg5+ Ke8 48. Qg8+ Ke7 49. Qg5+ Kf8 50. Qd8+ Re8 51. Qd6+ Kg8 52.
Qh6 Qc5+ 53. Kh1 Bc4 54. Rc1 Qf2 55. Qg5+ Kf8 56. Qh6+ Ke7 57. Qg5+ Kd7 58.
Rd1+ Kc8 59. Qg4+ Kb8 60. Qxc4 Re1+ 0-1

[Event "Tournoi francophone 003 Groupe B"]
[Site "Skype"]
[Date "????.??.??"]
[Round "1.5"]
[White "Porcabeuf, Jean-Marc"]
[Black "Sauvaget, Joel"]
[Result "0-1"]
[WhiteElo "1380"]
[BlackElo "1509"]
[PlyCount "72"]

1. d4 d5 2. c4 c6 3. h3 g6 4. Nf3 Bg7 5. Bf4 Nf6 6. Nc3 e6 7. Bxb8 Rxb8 8. e3
O-O 9. Bd3 Re8 10. O-O Nd7 11. e4 dxe4 12. Bxe4 Nb6 13. b3 Nd7 14. Re1 Nf6 15.
Bc2 Qc7 16. Ne5 Nd7 17. Nf3 b6 18. Ne4 Bb7 19. Neg5 h6 20. Ne4 c5 21. Ng3 Rbd8
22. Re3 e5 23. dxe5 Nxe5 24. Nxe5 Bxe5 25. Qe2 Re6 26. Re1 Rde8 27. Qg4 Bxg3
28. Rxe6 Rxe6 29. Rxe6 Bxf2+ 30. Kxf2 fxe6 31. Qxe6+ Kf8 32. Bxg6 Qf4+ 33. Kg1
Qd4+ 34. Kh1 Qf2 35. Qe8+ Kg7 36. Bd3 Qxg2# 0-1

[Event "Tournoi francophone 003 Groupe B"]
[Site "Skype"]
[Date "????.??.??"]
[Round "2.1"]
[White "Le Brun, Yves"]
[Black "Sauvaget, Joel"]
[Result "0-1"]
[WhiteElo "1623"]
[BlackElo "1509"]
[PlyCount "56"]

1. e4 d6 2. d4 e6 3. Nc3 Nf6 4. e5 dxe5 5. dxe5 Qxd1+ 6. Nxd1 Nd5 7. c3 Be7 8.
Nf3 O-O 9. Bd3 Bd7 10. O-O Bc6 11. Ng5 h6 12. Nh3 Nd7 13. f4 f5 14. Bd2 Rf7 15.
Nhf2 Rd8 16. g3 Bc5 17. h3 Ne7 18. b4 Bb6 19. Bc4 Bd5 20. Bxd5 Nxd5 21. c4
Bxf2+ 22. Rxf2 N5b6 23. Ne3 Nf8 24. Kf1 Rfd7 25. Rd1 Rd3 26. Ke2 Na4 27. Bc1
Nc3+ 28. Ke1 Nxd1 0-1

[Event "Tournoi francophone 003 Groupe B"]
[Site "Skype"]
[Date "????.??.??"]
[Round "2.2"]
[White "Gharbi, Said"]
[Black "Porcabeuf, Jean-Marc"]
[Result "1-0"]
[WhiteElo "1567"]
[BlackElo "1380"]
[PlyCount "61"]

1. e4 e6 2. d4 d5 3. exd5 Qxd5 4. Nc3 Qd8 5. Nf3 Nf6 6. Bc4 Bd6 7. O-O O-O 8.
Re1 Re8 9. Nb5 a6 10. Nxd6 cxd6 11. Bd2 Nc6 12. Bg5 h6 13. Bxf6 Qxf6 14. d5 Ne7
15. dxe6 fxe6 16. c3 Ng6 17. Qxd6 Nf4 18. g3 Nh3+ 19. Kg2 Ng5 20. Nxg5 hxg5 21.
Rad1 b5 22. Qc6 bxc4 23. Qxa8 Rf8 24. Re2 e5 25. Qd5+ Kh8 26. Qxe5 Qh6 27. Rde1
Qh3+ 28. Kg1 Bb7 29. Re4 Bxe4 30. Qxe4 Rf7 31. Qe8+ 1-0

[Event "Tournoi francophone 003 Groupe B"]
[Site "Skype"]
[Date "????.??.??"]
[Round "2.3"]
[White "De Coninck, Philippe"]
[Black "Fouquereau, Andre"]
[Result "0-1"]
[WhiteElo "1461"]
[BlackElo "1438"]
[PlyCount "50"]

1. e4 e5 2. Nf3 d6 3. d4 exd4 4. Nxd4 Nf6 5. Nc3 c6 6. Bc4 Be7 7. Nf3 Bg4 8.
Bg5 Nbd7 9. h3 Bh5 10. O-O Qb6 11. Na4 Qc7 12. Qe2 b5 13. Bxf7+ Bxf7 14. Nc3
O-O 15. Bxf6 Nxf6 16. Rad1 Rad8 17. a3 Bc4 18. Qd2 Bxf1 19. Kxf1 Nd7 20. Ne2
Ne5 21. Nxe5 dxe5 22. Qe1 Rxd1 23. Qxd1 Rd8 24. Qe1 Bc5 25. b4 Bb6 0-1

[Event "Tournoi francophone 003 Groupe B"]
[Site "Skype"]
[Date "????.??.??"]
[Round "2.4"]
[White "Megelas, Florent"]
[Black "Malbec, Robert"]
[Result "1-0"]
[WhiteElo "1688"]
[BlackElo "1441"]
[PlyCount "115"]

1. e4 e5 2. Nf3 Nc6 3. Bc4 Bc5 4. c3 Nf6 5. d4 exd4 6. cxd4 Bb4+ 7. Bd2 Bxd2+
8. Nbxd2 d6 9. O-O Bg4 10. Qb3 O-O 11. Qxb7 Na5 12. Qb5 Nxc4 13. Qxc4 Bxf3 14.
Nxf3 Nxe4 15. Qd3 Nf6 16. Rac1 Re8 17. h3 Re4 18. Ng5 Re7 19. Rfe1 h6 20. Nf3
Qd7 21. Rxe7 Qxe7 22. Re1 Qd7 23. Qa6 c6 24. Rc1 Rc8 25. b4 Nd5 26. a3 Nf4 27.
Kf1 Nd5 28. b5 Ne7 29. bxc6 Rxc6 30. Rxc6 Nxc6 31. Qb5 Qc7 32. d5 Ne7 33. Qe8+
Kh7 34. Qxf7 Nxd5 35. Qxd5 Qc1+ 36. Ne1 Qxa3 37. Qd3+ Qxd3+ 38. Nxd3 Kg6 39.
Ke2 Kf6 40. Ke3 a6 41. Kd4 Ke6 42. Nb4 a5 43. Nc6 a4 44. Nb4 g6 45. f4 a3 46.
g4 d5 47. h4 Kd6 48. f5 g5 49. hxg5 hxg5 50. Na2 Ke7 51. Kxd5 Kf6 52. Kd6 Kf7
53. Ke5 Kg7 54. Ke6 Kf8 55. f6 Ke8 56. f7+ Kf8 57. Nc3 Kg7 58. Ke7 1-0

[Event "Tournoi francophone 003 Groupe B"]
[Site "Skype"]
[Date "????.??.??"]
[Round "2.5"]
[White "Briere, Jean"]
[Black "Rochette, Mathieu"]
[Result "0-1"]
[WhiteElo "1556"]
[BlackElo "1589"]
[PlyCount "64"]

1. e4 c5 2. Nf3 d6 3. Nc3 Nc6 4. d4 cxd4 5. Nxd4 Nf6 6. Bc4 e6 7. O-O Be7 8.
Re1 Bd7 9. b3 O-O 10. Bb2 Rc8 11. Nf3 a6 12. a4 Qc7 13. Rc1 Ng4 14. h3 Nge5 15.
Nxe5 Nxe5 16. Be2 Bg5 17. Rb1 Rfd8 18. Rf1 Bf6 19. Bd3 Nxd3 20. Qxd3 Bxc3 21.
Bxc3 Qxc3 22. Qxc3 Rxc3 23. Rbc1 d5 24. e5 Rdc8 25. Rfe1 Rxc2 26. Rxc2 Rxc2 27.
Re3 b5 28. axb5 Bxb5 29. b4 d4 30. Re4 Rc4 31. f4 d3 32. Rxc4 Bxc4 0-1

[Event "Tournoi francophone 003 Groupe B"]
[Site "Skype"]
[Date "????.??.??"]
[Round "3.1"]
[White "Rochette, Mathieu"]
[Black "Le Brun, Yves"]
[Result "1-0"]
[WhiteElo "1589"]
[BlackElo "1623"]
[PlyCount "63"]

1. d4 Nf6 2. c4 g6 3. Nc3 Bg7 4. e4 d6 5. f4 O-O 6. Nf3 Nbd7 7. Bd3 Ne8 8. O-O
e5 9. fxe5 dxe5 10. d5 h6 11. Be3 f5 12. exf5 gxf5 13. Bc2 Nd6 14. b3 b6 15.
Qe1 f4 16. Bf2 Qe8 17. Ne4 Nf5 18. Rd1 Bb7 19. g4 fxg3 20. Nxg3 Nxg3 21. Bxg3
Qe7 22. Rd2 Rae8 23. Bh4 Bf6 24. Rg2+ Kh8 25. Bxf6+ Nxf6 26. Rg6 Ng8 27. Qe3
Rf6 28. Nh4 Rxf1+ 29. Kxf1 Rf8+ 30. Nf5 Kh7 31. Ke2 Qf7 32. Rxh6+ 1-0

[Event "Tournoi francophone 003 Groupe B"]
[Site "Skype"]
[Date "????.??.??"]
[Round "3.2"]
[White "Malbec, Robert"]
[Black "Briere, Jean"]
[Result "0-1"]
[WhiteElo "1441"]
[BlackElo "1556"]
[PlyCount "78"]

1. e4 e5 2. Nf3 Nc6 3. Bc4 Bc5 4. c3 Nf6 5. d4 exd4 6. cxd4 Bb4+ 7. Bd2 Bxd2+
8. Nbxd2 O-O 9. O-O d5 10. exd5 Nxd5 11. Qb3 Na5 12. Qd3 g6 13. a3 Bf5 14. Qe2
Re8 15. Qd1 Nxc4 16. Nxc4 c6 17. h3 Nf4 18. Qd2 Qc7 19. Qxf4 Qxf4 20. Ne3 Be4
21. Nd2 Rad8 22. Nb3 Bd5 23. Nd2 Qxd4 24. Nf3 Bxf3 25. gxf3 Qh4 26. Kg2 h5 27.
Kh2 Rd2 28. Ng2 Qd4 29. Kg3 Ree2 30. Ne3 Qe5+ 31. f4 Rxe3+ 32. fxe3 Qxe3+ 33.
Rf3 Qe2 34. Rg1 h4+ 35. Kg4 f5+ 36. Kxh4 Qxf3 37. Rxg6+ Kf7 38. Kg5 Qg3+ 39.
Kxf5 Qxg6+ 0-1

[Event "Tournoi francophone 003 Groupe B"]
[Site "Skype"]
[Date "????.??.??"]
[Round "3.3"]
[White "Fouquereau, Andre"]
[Black "Megelas, Florent"]
[Result "0-1"]
[WhiteElo "1438"]
[BlackElo "1688"]
[PlyCount "72"]

1. e4 d5 2. exd5 Qxd5 3. Nc3 Qa5 4. Nf3 Bf5 5. Bc4 e6 6. O-O Nf6 7. d3 Bd6 8.
Re1 Nbd7 9. Bd2 c6 10. Ne4 Qc7 11. Nxd6+ Qxd6 12. a3 O-O 13. d4 b5 14. Bb4 c5
15. Bxc5 Nxc5 16. Bxb5 Nce4 17. Ne5 Rab8 18. c4 Qb6 19. a4 h6 20. Nc6 Rb7 21.
c5 Qc7 22. Ne5 Nd5 23. c6 Rxb5 24. axb5 Nd6 25. Qa4 Ra8 26. Ra3 f6 27. Nd7 Nb6
28. Nxb6 Qxb6 29. Rb3 Bc2 30. Rxe6 Rd8 31. Qc4 Nxc4 32. c7 Qxc7 33. Rb4 Rxd4
34. Re1 Qd6 35. Rxc4 Rd1 36. g3 Rxe1+ 0-1

[Event "Tournoi francophone 003 Groupe B"]
[Site "Skype"]
[Date "????.??.??"]
[Round "3.5"]
[White "Sauvaget, Joel"]
[Black "Gharbi, Said"]
[Result "1/2-1/2"]
[WhiteElo "1509"]
[BlackElo "1567"]
[PlyCount "87"]

1. d4 e5 2. dxe5 Nc6 3. Nf3 Qe7 4. e3 Nxe5 5. Nxe5 Qxe5 6. Be2 Bd6 7. Nc3 Nf6
8. Bf3 O-O 9. g3 Bb4 10. Bd2 d6 11. O-O c6 12. a3 Ba5 13. Rb1 Bh3 14. Bg2 Bxg2
15. Kxg2 Bxc3 16. Bxc3 Qe4+ 17. Kg1 Qe6 18. Bxf6 Qxf6 19. c3 d5 20. Qg4 Rfe8
21. Rbd1 Re4 22. Qh3 Qf3 23. Rd2 h6 24. Qg2 Qh5 25. Re1 Rae8 26. f3 Rc4 27. Rd4
Rxd4 28. cxd4 Qg5 29. Qf2 Qd8 30. Re2 Qb6 31. Rc2 Qb3 32. Rc3 Qa2 33. Kg2 Re6
34. Qe2 a5 35. e4 b5 36. e5 b4 37. axb4 axb4 38. Rc5 f6 39. f4 g5 40. f5 Re7
41. Rxc6 Kg7 42. e6 Qb1 43. g4 b3 44. Rc3 1/2-1/2

[Event "Tournoi francophone 003 Groupe B"]
[Site "Skype"]
[Date "????.??.??"]
[Round "4.1"]
[White "Le Brun, Yves"]
[Black "Gharbi, Said"]
[Result "1-0"]
[WhiteElo "1623"]
[BlackElo "1567"]
[PlyCount "71"]

1. e4 d5 2. exd5 Qxd5 3. Nc3 Qa5 4. Nf3 Bf5 5. Be2 e6 6. h3 Bb4 7. a3 Bxc3 8.
dxc3 c6 9. Nd4 Be4 10. f3 Bg6 11. O-O Na6 12. b4 Qb6 13. Kh1 Nc7 14. c4 c5 15.
Nb5 a5 16. bxa5 Qxa5 17. Nd6+ Ke7 18. Nxb7 Qb6 19. Rb1 Qc6 20. Be3 Na6 21. Rb5
Nf6 22. Na5 Qd6 23. Rb7+ Nd7 24. Qxd6+ Kxd6 25. Rd1+ Ke5 26. Rbxd7 Nb8 27. Rd8
Rxd8 28. Rxd8 Bxc2 29. Nc6+ Kf6 30. Nxb8 Rxa3 31. Bxc5 Ra1+ 32. Kh2 Re1 33.
Nd7+ Kf5 34. g4+ Kg5 35. Be3+ Kh4 36. Bf2+ 1-0

[Event "Tournoi francophone 003 Groupe B"]
[Site "Skype"]
[Date "????.??.??"]
[Round "4.2"]
[White "De Coninck, Philippe"]
[Black "Sauvaget, Joel"]
[Result "1-0"]
[WhiteElo "1461"]
[BlackElo "1509"]
[PlyCount "87"]

1. e4 e5 2. f4 d6 3. Nf3 Nc6 4. Bb5 Bd7 5. d3 Nf6 6. Bxc6 Bxc6 7. fxe5 dxe5 8.
Nxe5 Bd7 9. O-O Bd6 10. Bf4 Be6 11. Nc3 a6 12. Qf3 O-O 13. Ne2 Qc8 14. Nd4 Bc5
15. Be3 Bg4 16. Nxg4 Nxg4 17. Nf5 Bxe3+ 18. Nxe3 Nxe3 19. Qxe3 Qe6 20. Rf3 Rae8
21. Rg3 f5 22. Qg5 Qb6+ 23. Kh1 Rf7 24. b3 fxe4 25. dxe4 Ref8 26. Rf3 Rxf3 27.
gxf3 Qf6 28. Qxf6 Rxf6 29. Kg2 Kf7 30. Rd1 Ke7 31. Rd5 Rd6 32. Rxd6 Kxd6 33. f4
g6 34. Kg3 Ke6 35. Kg4 h6 36. h4 Kf6 37. e5+ Ke6 38. c4 c5 39. a3 a5 40. h5
gxh5+ 41. Kxh5 Kf5 42. Kxh6 Kxf4 43. e6 Kf5 44. e7 1-0

[Event "Tournoi francophone 003 Groupe B"]
[Site "Skype"]
[Date "????.??.??"]
[Round "4.3"]
[White "Megelas, Florent"]
[Black "Porcabeuf, Jean-Marc"]
[Result "1/2-1/2"]
[WhiteElo "1688"]
[BlackElo "1380"]
[PlyCount "84"]

1. e4 e5 2. Nf3 d6 3. d4 exd4 4. Nxd4 Nf6 5. Nc3 a6 6. Bc4 h6 7. O-O Be7 8. Nf5
Bxf5 9. exf5 Nc6 10. Nd5 Nxd5 11. Bxd5 Ne5 12. Bxb7 O-O 13. Bxa8 Qxa8 14. b3
Qe4 15. Bb2 Ng4 16. h3 Ne5 17. Re1 Qxf5 18. Qe2 Ng6 19. Rad1 Nf4 20. Qf3 Bg5
21. Qc3 Qg6 22. Qf3 h5 23. Bc1 Ne6 24. Bxg5 Nxg5 25. Qg3 h4 26. Qc3 Ne6 27. Re4
Qxe4 28. Re1 Qg6 29. Qc4 Ng5 30. Re3 Ne6 31. Qxa6 Nf4 32. Qc6 Qg5 33. a4 Ne2+
34. Rxe2 Qc1+ 35. Kh2 Qf4+ 36. g3 hxg3+ 37. fxg3 Qf1 38. Qg2 Qf5 39. Qf2 Qh5
40. Re7 d5 41. g4 Qg5 42. a5 Qxe7 1/2-1/2

[Event "Tournoi francophone 003 Groupe B"]
[Site "Skype"]
[Date "????.??.??"]
[Round "4.4"]
[White "Briere, Jean"]
[Black "Fouquereau, Andre"]
[Result "1/2-1/2"]
[WhiteElo "1556"]
[BlackElo "1438"]
[PlyCount "78"]

1. e4 e5 2. Nf3 d6 3. Bc4 Be7 4. d3 Bg4 5. h3 Bh5 6. O-O Nf6 7. Re1 O-O 8. Nc3
c6 9. Re3 Nbd7 10. Ne2 Qc7 11. Ng3 Bg6 12. Nh4 d5 13. Nxg6 fxg6 14. exd5 cxd5
15. Bb3 Kh8 16. Rf3 Nc5 17. c3 Nxb3 18. Qxb3 Bd6 19. Bg5 Nd7 20. Qxd5 Nb6 21.
Rxf8+ Rxf8 22. Qe4 Qf7 23. Be3 Nc8 24. b3 b6 25. Rf1 Qc7 26. Ne2 Ne7 27. c4 Nf5
28. g3 Qf7 29. Qf3 Qd7 30. Qg2 Qe7 31. Nc3 h6 32. Ne4 Nxe3 33. fxe3 Rxf1+ 34.
Kxf1 Ba3 35. g4 Qd7 36. Ke2 Qc6 37. Qg3 Bb2 38. Qf3 Kg8 39. Ng5 Qf6 1/2-1/2

[Event "Tournoi francophone 003 Groupe B"]
[Site "Skype"]
[Date "????.??.??"]
[Round "4.5"]
[White "Rochette, Mathieu"]
[Black "Malbec, Robert"]
[Result "0-1"]
[WhiteElo "1589"]
[BlackElo "1441"]
[PlyCount "50"]

1. d4 d5 2. c4 c6 3. Nc3 Bg4 4. Qc2 Nf6 5. cxd5 cxd5 6. Bf4 Nc6 7. e3 e6 8. Bd3
Bd6 9. Bxd6 Qxd6 10. Nge2 O-O 11. O-O Nb4 12. Qd2 Bxe2 13. Bxe2 Nc6 14. Rac1 a6
15. f4 Ne7 16. Bd3 Nf5 17. Rf3 Kh8 18. Qc2 g6 19. g4 Nxg4 20. Bxf5 exf5 21. Rg3
Rac8 22. Qb3 b5 23. a3 Nf6 24. Rg2 Rfe8 25. Rgc2 Rxe3 0-1

[Event "Tournoi francophone 003 Groupe B"]
[Site "Skype"]
[Date "????.??.??"]
[Round "5.1"]
[White "Malbec, Robert"]
[Black "Le Brun, Yves"]
[Result "0-1"]
[WhiteElo "1441"]
[BlackElo "1623"]
[PlyCount "46"]

1. e4 e5 2. Nf3 d6 3. d4 Nc6 4. Bc4 h6 5. h3 Nf6 6. Nc3 a6 7. a3 g6 8. b4 Bg7
9. d5 Ne7 10. Be3 O-O 11. Qd2 Kh7 12. g4 Nfg8 13. g5 f5 14. gxf6 Rxf6 15. h4
Rxf3 16. Be2 Rh3 17. O-O-O Qf8 18. f4 exf4 19. Bxf4 Bxc3 20. Qxc3 Rxc3 21. Rdf1
Qg7 22. Rf3 Rxf3 23. Bxf3 Qa1+ 0-1

[Event "Tournoi francophone 003 Groupe B"]
[Site "Skype"]
[Date "????.??.??"]
[Round "5.2"]
[White "Fouquereau, Andre"]
[Black "Rochette, Mathieu"]
[Result "0-1"]
[WhiteElo "1438"]
[BlackElo "1589"]
[PlyCount "73"]

1. e4 c5 2. Bc4 d6 3. c3 Nf6 4. d3 Nc6 5. Nf3 e6 6. Bg5 Be7 7. O-O O-O 8. Re1
Qc7 9. Na3 a6 10. Rc1 Rd8 11. Qe2 h6 12. Bh4 b5 13. Bb3 Bb7 14. Bc2 Ng4 15. Bg3
Bf6 16. h3 Nge5 17. Nxe5 Nxe5 18. d4 cxd4 19. cxd4 Nc6 20. Qd3 Bxd4 21. e5 Bxe5
22. Qh7+ Kf8 23. Bxe5 Nxe5 24. Be4 Qb6 25. Bxb7 Qxb7 26. Qb1 Rac8 27. Rxc8 Rxc8
28. Re2 b4 29. Nc2 Ng6 30. Ne3 Ke7 31. g3 Ne5 32. Ng2 Qc6 33. Re3 Qc1+ 34. Qxc1
Rxc1+ 35. Kh2 Rc2 36. f4 Nc4 37. a3 0-1

[Event "Tournoi francophone 003 Groupe B"]
[Site "Skype"]
[Date "????.??.??"]
[Round "5.3"]
[White "Porcabeuf, Jean-Marc"]
[Black "Briere, Jean"]
[Result "0-1"]
[WhiteElo "1380"]
[BlackElo "1556"]
[PlyCount "100"]

1. d4 d5 2. Nf3 Nc6 3. e3 Nf6 4. Nbd2 e6 5. Be2 Bd6 6. O-O O-O 7. Re1 a6 8. c4
b6 9. Bd3 dxc4 10. Nxc4 Bb7 11. e4 Bb4 12. Re2 Ne7 13. e5 Nfd5 14. Be4 Ng6 15.
Bxg6 fxg6 16. a3 Be7 17. Ne3 Nf4 18. Nf1 Nxe2+ 19. Qxe2 Bxf3 20. gxf3 Qxd4 21.
Bd2 Qd5 22. f4 Bh4 23. Ng3 Qd4 24. Bc3 Qxf4 25. Rf1 c5 26. Ne4 Rad8 27. Nd6 Be7
28. Ne4 h6 29. Kh1 Qf3+ 30. Qxf3 Rxf3 31. Rg1 g5 32. Bd2 Rd4 33. Nxg5 hxg5 34.
Bxg5 Bxg5 35. Rxg5 Rxf2 36. Rg1 Re4 37. b4 cxb4 38. axb4 Rxb4 39. Re1 a5 40. h4
Rxh4+ 41. Kg1 Rd2 42. Rf1 a4 43. Re1 a3 44. Rc1 a2 45. Ra1 Rb2 46. Rc1 Rb1 47.
Rxb1 axb1=Q+ 48. Kg2 Qd3 49. Kg1 Qd2 50. Kf1 Rh1# 0-1

[Event "Tournoi francophone 003 Groupe B"]
[Site "Skype"]
[Date "????.??.??"]
[Round "5.4"]
[White "Sauvaget, Joel"]
[Black "Megelas, Florent"]
[Result "0-1"]
[WhiteElo "1509"]
[BlackElo "1688"]
[PlyCount "78"]

1. d4 d5 2. Nf3 Nf6 3. e3 e6 4. Bd3 h6 5. Nbd2 b6 6. O-O Bb7 7. Re1 Be7 8. c3
O-O 9. e4 dxe4 10. Nxe4 Nxe4 11. Bxe4 Bxe4 12. Rxe4 Nd7 13. Ne5 Nf6 14. Re3 Bd6
15. Qf3 c5 16. Rd3 Qc7 17. Qh3 Bxe5 18. dxe5 Qxe5 19. Bxh6 Rad8 20. Rg3 Nh5 21.
Rg5 Qe2 22. Qxh5 Qxh5 23. Rxh5 gxh6 24. Rxh6 Kg7 25. Rh4 Rd2 26. Rb1 Rfd8 27.
Kf1 Rc2 28. Re4 Rdd2 29. Rf4 Rxb2 30. Rxb2 Rxb2 31. Ra4 a5 32. c4 Rd2 33. h4
Kg6 34. g3 f5 35. Ra3 Rc2 36. Ra4 e5 37. Kg2 Kh5 38. Kf3 e4+ 39. Kg2 e3 0-1

[Event "Tournoi francophone 003 Groupe B"]
[Site "Skype"]
[Date "????.??.??"]
[Round "5.5"]
[White "Gharbi, Said"]
[Black "De Coninck, Philippe"]
[Result "1-0"]
[WhiteElo "1567"]
[BlackElo "1461"]
[PlyCount "69"]

1. e4 e5 2. d4 exd4 3. c3 Nc6 4. cxd4 Bb4+ 5. Bd2 Bxd2+ 6. Qxd2 Nf6 7. Nc3 Qe7
8. Qe3 O-O 9. Bb5 Nb4 10. Ba4 d6 11. a3 Nc6 12. Bxc6 bxc6 13. Nf3 Re8 14. Nd2
Bb7 15. O-O Rab8 16. b4 Ng4 17. Qf4 Nf6 18. Rfe1 c5 19. bxc5 dxc5 20. d5 Qe5
21. Qxe5 Rxe5 22. Nb5 c6 23. dxc6 Bxc6 24. Nxa7 Bxe4 25. Nc6 Bxc6 26. Rxe5 Nd7
27. Re3 Kf8 28. Rb1 Rxb1+ 29. Nxb1 c4 30. Nd2 Bd5 31. a4 f6 32. Rc3 Nb6 33. a5
Na4 34. Rc1 c3 35. Nb1 1-0

[Event "Tournoi francophone 003 Groupe B"]
[Site "Skype"]
[Date "????.??.??"]
[Round "6.1"]
[White "Le Brun, Yves"]
[Black "De Coninck, Philippe"]
[Result "1-0"]
[WhiteElo "1623"]
[BlackElo "1461"]
[PlyCount "79"]

1. e4 e5 2. Bc4 Nf6 3. d4 exd4 4. e5 Qe7 5. Qe2 Ng8 6. Nf3 Nc6 7. O-O g6 8. Re1
Bg7 9. Bg5 f6 10. exf6 Nxf6 11. Qxe7+ Nxe7 12. Nxd4 d5 13. Bd3 Bd7 14. c3 Rf8
15. Nd2 Rf7 16. h3 O-O-O 17. Re2 Neg8 18. Rae1 Re8 19. N2f3 Rxe2 20. Rxe2 h6
21. Bxg6 Re7 22. Rxe7 Nxe7 23. Bxf6 Bxf6 24. Bd3 c5 25. Nc2 Nc6 26. Kf1 Ne5 27.
Nxe5 Bxe5 28. Ke2 d4 29. cxd4 cxd4 30. b3 Bc6 31. f3 Kd7 32. Kf2 Ke6 33. Nb4
Be8 34. Be4 b6 35. g3 Kf6 36. f4 Bd6 37. Nd5+ Ke6 38. Kf3 Bc6 39. Nxb6 axb6 40.
Bxc6 1-0

[Event "Tournoi francophone 003 Groupe B"]
[Site "Skype"]
[Date "????.??.??"]
[Round "6.3"]
[White "Briere, Jean"]
[Black "Sauvaget, Joel"]
[Result "1/2-1/2"]
[WhiteElo "1556"]
[BlackElo "1509"]
[PlyCount "93"]

1. e4 d6 2. d4 e6 3. Nf3 Nf6 4. Nc3 c6 5. Bd3 h6 6. O-O Be7 7. Re1 O-O 8. e5
dxe5 9. dxe5 Nd5 10. Bd2 Nd7 11. a3 N7b6 12. h3 Nxc3 13. Bxc3 Nd5 14. Bd2 f5
15. exf6 Nxf6 16. Ne5 Bd6 17. Bc4 Nd5 18. Bb3 Qf6 19. Nd3 b6 20. Bxd5 exd5 21.
Re3 Qg6 22. Rf3 Bf5 23. Bf4 Be4 24. Rg3 Qf6 25. Bxd6 Qxd6 26. Qg4 Rf7 27. Re1
Raf8 28. Ree3 Qf6 29. f3 Bxd3 30. cxd3 Qxb2 31. Kh2 Qf6 32. Re6 Qf5 33. Rxh6
Qxg4 34. Rxg4 Rf6 35. Rhg6 Rxg6 36. Rxg6 Kf7 37. Rxc6 Re8 38. Rd6 Re5 39. d4
Re3 40. Rd7+ Ke6 41. Rxa7 Rd3 42. Ra4 b5 43. Ra6+ Kd7 44. Rb6 Rxd4 45. Rxb5 Kc6
46. Rb8 Ra4 47. Rb3 1/2-1/2

[Event "Tournoi francophone 003 Groupe B"]
[Site "Skype"]
[Date "????.??.??"]
[Round "6.4"]
[White "Rochette, Mathieu"]
[Black "Porcabeuf, Jean-Marc"]
[Result "1-0"]
[WhiteElo "1589"]
[BlackElo "1380"]
[PlyCount "57"]

1. d4 d5 2. c4 c6 3. Nf3 Nf6 4. Nc3 Bf5 5. Qb3 b6 6. cxd5 Nxd5 7. e3 e6 8. Ne5
Bd6 9. Nxd5 exd5 10. Be2 O-O 11. O-O Qc7 12. f4 Nd7 13. Bd2 Rfe8 14. Rac1 Nxe5
15. fxe5 Be4 16. exd6 Qxd6 17. Rf2 Re6 18. Rcf1 Rae8 19. Rxf7 Rg6 20. R7f2 Rh6
21. h3 Rg6 22. Bf3 Bf5 23. Bb4 Qg3 24. Bxd5+ cxd5 25. Qxd5+ Kh8 26. Rxf5 h6 27.
Rf8+ Rxf8 28. Rxf8+ Kh7 29. Qg8# 1-0

[Event "Tournoi francophone 003 Groupe B"]
[Site "Skype"]
[Date "????.??.??"]
[Round "6.5"]
[White "Malbec, Robert"]
[Black "Fouquereau, Andre"]
[Result "1-0"]
[WhiteElo "1441"]
[BlackElo "1438"]
[PlyCount "47"]

1. e4 e5 2. Nf3 d6 3. d4 exd4 4. Qxd4 Nc6 5. Qc3 Nf6 6. Bd3 Bg4 7. Nd4 Ne5 8.
Be2 Nxe4 9. Qe3 Qg5 10. Qxg5 Nxg5 11. Bxg5 Bxe2 12. Nxe2 f6 13. Bf4 O-O-O 14.
Nbc3 Nc6 15. b3 Nb4 16. Kd1 d5 17. Kc1 d4 18. a3 Nxc2 19. Kxc2 d3+ 20. Kb2 dxe2
21. Nxe2 Bc5 22. f3 Rhe8 23. Nc3 Rd2+ 24. Bxd2 1-0

[Event "Tournoi francophone 003 Groupe B"]
[Site "Skype"]
[Date "????.??.??"]
[Round "7.1"]
[White "Fouquereau, Andre"]
[Black "Le Brun, Yves"]
[Result "1-0"]
[WhiteElo "1438"]
[BlackElo "1623"]
[PlyCount "92"]

1. e4 e5 2. Nf3 d6 3. c3 Nd7 4. Bc4 Ngf6 5. Ng5 d5 6. exd5 Nb6 7. Bb3 Bd6 8.
Qf3 Bg4 9. Qd3 g6 10. Ne4 Nxe4 11. Qxe4 Bf5 12. Qf3 O-O 13. d3 Qh4 14. Nd2 Bg4
15. Qg3 Qh5 16. f3 Bd7 17. Ne4 Qf5 18. Nxd6 cxd6 19. O-O Qxd3 20. Bh6 Rfe8 21.
Rad1 Qf5 22. Kh1 Qh5 23. Be3 Na4 24. Bxa4 Bxa4 25. b3 Bd7 26. c4 b6 27. Qf2 g5
28. b4 Qg6 29. Rd2 Ba4 30. Rb2 Rac8 31. c5 Bb5 32. Re1 h6 33. a3 f5 34. cxb6
axb6 35. Bxb6 Bd3 36. a4 e4 37. f4 Qf7 38. b5 Qxd5 39. Bd4 Rc4 40. Be3 Rxa4 41.
b6 Rb8 42. Rc1 Rc4 43. Rxc4 Bxc4 44. Rd2 Qb5 45. Qg1 d5 46. Rd1 Be2 1-0